Mark Twain bibliografický leták

Bibliographic Details
Other Authors: Moravčíková, Tatiana 1958- (Compiler)
Format: Book
Language:Slovak
PhysicalDescription:6 s. 21 cm
Published: Liptovský Mikuláš Knižnica G.F. Belopotockého 2005
Subjects:

MARC

LEADER 00000nam a2200000 a 4500
001 vtls001484532
003 SK-MaSNL
005 20260331204223.0
008 251105s2005 xo a grb 000 0bslo
015 |a SNBSAB2005-00039 
035 |a SNK000439826 
035 |a urn:nbn:sk:snk-amjdra 
035 |a urn:nbn:sk:snk-am003est 
035 |a 72733C60-CB1D-4BC2-9FD0-CA02B7909730 
040 |a SNK  |b slo  |c SNK  |e AACR2 
041 0 |a slo 
044 |a xo  |c SK 
072 7 |a 821.111(73)  |x Americká literatúra  |2 konspekt 
080 |a 82:929:821.111(73)(041)  |2 1981 
080 |a 821.111(73)2  |2 1981 
080 |a 929 Twain, Mark 2  |2 1981 
100 1 |a Moravčíková, Tatiana  |d 1958-  |4 com  |9 304648 
245 1 0 |a Mark Twain  |b bibliografický leták  |c [zostavila: Tatiana Moravčíková ; zodp. red.: Marcela Feriančeková] 
260 |a Liptovský Mikuláš  |b Knižnica G.F. Belopotockého  |c 2005 
300 |a 6 s.  |c 21 cm 
366 |e 20 výtl. 
504 |a Usporiadanie temat. 25 zázn. o čl. a kn. v slov. 
521 |a Určené pre širokú verejnosť 
600 1 7 |a Twain, Mark,  |d 1835-1910  |2 SNKMA  |9 122846 
650 0 7 |a americká literatúra  |2 SNKPH  |9 1170 
655 7 |a bibliografické letáky  |2 SNKPH  |9 74589 
655 7 |a biografické údaje  |2 SNKPH  |9 289197 
655 7 |a personálne bibliografie  |2 SNKPH  |9 70198 
700 1 |a Feriančeková, Marcela  |4 lso  |9 266669 
710 2 |a Knižnica Gašpara Fejérpataky Belopotockého (Liptovský Mikuláš, Slovensko)  |4 pbl  |9 164698 
958 |a BC 
958 |a PB 
999 |c 560271  |d 562201 
952 |a SNK  |b SNK  |y PREZ  |7 0  |p 17A0496222  |o snkOSC 23346  |i snk2006/1694  |8 0  |0 0  |1 0  |4 0  |d 2006-01-26  |f 1  |l 0  |r 2026-02-23 13:39:35  |w 2026-02-23